| 000 | 04336nam0a22007571 4500 | ||
|---|---|---|---|
| 001 | RU\NLR\A1\26155 | ||
| 005 | 20260406110937.0 | ||
| 035 | _a(NLR Aleph) 009680474 | ||
| 090 |
_a9699776 _c9699776 |
||
| 100 | _a19990819d1787 u y0rusy50 ca | ||
| 101 | 1 |
_arus _cger |
|
| 102 | _aRU | ||
| 135 | _acrcn 024anaba | ||
| 200 | 1 |
_aЛюбопытныя и достопамятныя сказания о императоре Петре Великом _eИзображающия истинное свойство сего премудраго государя и отца отечества, _fСобранныя в течение сорока лет действительным статским советником Яковом Штелином _g[Пер. с нем. яз. Т. П. Кирияк] |
|
| 205 | _aВторым тиснением | ||
| 210 |
_aВ Санктпетербурге _cВ типографии М. Овчинникова _d1787 |
||
| 215 |
_a[2], XX, 486, 6 с. _d8° |
||
| 300 | _aНа тит. л.: Печатано с дозволения указнаго. | ||
| 305 | _aПер. кн.: Originalanekdoten von Peter dem Grossen (Leipzig, 1785) | ||
| 314 | _aИздателем 2-го изд., как и 1-го, возможно, был П. И. Богданович. Часть подстроч. примеч. подписана инициалами "П. Б." Прил. к изд. книгопродавч. роспись содержит те же кн., но с указанием, что продажа их производится у М. Овчинникова | ||
| 317 |
_aЭкз. УОНБ из б-ки Д. П. Ознобишина _5УОНБ |
||
| 317 |
_aЭкз. НБ Тат из б-ки И. А. Второва _5НБ Тат |
||
| 317 |
_aЭкз. ФБ РГПУ из собрания А. А. Ливена _5ФБ РГПУ |
||
| 320 | _a[Книгопродавч. роспись М. Овчинникова] (С.1-6 2-й паг.) | ||
| 321 | 1 | _aСК XVIII 8473 | |
| 325 | _aКопия доступна в Электрон. б-ке РНБ | ||
| 518 | 1 | _aЛюбопытные и достопамятные сказания о императоре Петре Великом | |
| 600 | 0 |
_aПетр _cимператор российский _dI _f1672 - 1725 _91224899 _3RU\NLR\AUTH\66180638 |
|
| 620 | _dСанкт-Петербург | ||
| 700 | 1 |
_8rus _7ca _aШтелин _bЯ. Я. _f1709-1785 _gЯков Яковлевич _3RU\NLR\AUTH\77115059 _997984 |
|
| 702 | 1 |
_4610 _7ca _8rus _aОвчинников _bМ. К. _f-1802 _gМатвей Кондратьевич _9218841 _3RU\NLR\AUTH\770218897 |
|
| 702 | 1 |
_4730 _8rus _7ca _aКирияк _bТ. П. _f-1802 _gТимофей Прокофьевич _3RU\NLR\AUTH\77100518 _983444 |
|
| 702 | 1 |
_4610 _8rus _7ca _aБогданович _bП. И. _fок.1750-1803 _gПетр Иванович _3RU\NLR\AUTH\77100343 _983269 |
|
| 702 | 1 |
_4390 _8rus _7ca _aОзнобишин _bД. П. _f1804-1877 _gДмитрий Петрович _3RU\NLR\AUTH\7749408 _932343 |
|
| 702 | 1 |
_aЛивен _bА. А _5ФБ РГПУ _4390 |
|
| 702 | 1 |
_4390 _8rus _7ca _aВторов _bИ. А. _f1772-1844 _gИван Алексеевич _3RU\NLR\AUTH\7792433 _975360 |
|
| 712 | 0 | 0 |
_4610 _aОвчинников, _cПетербург _gМ. К., _hтипография _9515619 _3RU\NLR\AUTH\880425545 |
| 790 | 0 |
_6z01702 _aП.Б. |
|
| 801 | 0 |
_aRU _bNLR _c19990819 |
|
| 852 |
_aNLR _j18.18.7.3 |
||
| 852 |
_aNLR _j138/2714 |
||
| 856 | 0 | _uhttps://vivaldi.nlr.ru/bx700004031/view | |
| 856 | 1 | _uhttps://vivaldi.nlr.ru/bx700004031/cover | |
| 856 | 2 | _uhttps://vivaldi.nlr.ru/bx700004031/text | |
| 899 | _aНБ Эрм. | ||
| 899 |
_aЗНБ СГУ _z2 экз. |
||
| 899 | _aУОНБ | ||
| 899 | _aГМЗРК | ||
| 899 | _aНБ РАХ | ||
| 899 | _aНБЛ КГУ | ||
| 899 | _aRR | ||
| 899 | _aВОУНБ | ||
| 899 | _aКостОУНБ | ||
| 899 | _aЗНБ ВГУ | ||
| 899 |
_aНБ Тат _zЭкз. деф. |
||
| 899 | _aРГБ | ||
| 899 | _aБАН | ||
| 899 | _aГПИБ | ||
| 899 | _aФБ РГПУ | ||
| 942 | _cBOOK | ||
| 980 | _aNB | ||
| 980 | _aA1XVIIIv | ||
| 981 | 2 | 2 |
_a(22) Материалы по истории России _b(22) Российский императорский дом |